Dirāsāt fī tārīkh al-ʻArab, (Record no. 50594)
[ view plain ]
| 000 -LEADER | |
|---|---|
| fixed length control field | 00739cam a22002411 4500 |
| 001 - CONTROL NUMBER | |
| control field | ne 68002719 |
| 003 - CONTROL NUMBER IDENTIFIER | |
| control field | DLC |
| 005 - DATE AND TIME OF LATEST TRANSACTION | |
| control field | 20260227111844.0 |
| 008 - FIXED-LENGTH DATA ELEMENTS--GENERAL INFORMATION | |
| fixed length control field | 901025m19679999ua b 000 0 arar |
| 010 ## - LIBRARY OF CONGRESS CONTROL NUMBER | |
| LC control number | ne 68002719 |
| 025 ## - OVERSEAS ACQUISITION NUMBER | |
| Overseas acquisition number | PL480:UAR-9270 |
| 035 ## - SYSTEM CONTROL NUMBER | |
| System control number | (OCoLC)22585940 |
| 040 ## - CATALOGING SOURCE | |
| Original cataloging agency | DLC |
| Transcribing agency | WaU |
| Modifying agency | DLC |
| 042 ## - AUTHENTICATION CODE | |
| Authentication code | premarc |
| 050 00 - LIBRARY OF CONGRESS CALL NUMBER | |
| Classification number | DS223 |
| Item number | .S25 |
| 100 1# - MAIN ENTRY--PERSONAL NAME | |
| Personal name | Sālim, al-Sayyid ʻAbd al-ʻAzīz. |
| 245 10 - TITLE STATEMENT | |
| Title | Dirāsāt fī tārīkh al-ʻArab, |
| Statement of responsibility, etc. | taʼlīf al-Sayyid ʻAbd al-ʻAzīz Sālim. |
| 260 ## - PUBLICATION, DISTRIBUTION, ETC. | |
| Place of publication, distribution, etc. | [al-Iskandarīyah] |
| Name of publisher, distributor, etc. | Dār al-Maʻārif |
| Date of publication, distribution, etc. | 1967 [cover 1968]- |
| 300 ## - PHYSICAL DESCRIPTION | |
| Extent | 2 v. |
| Dimensions | 24 cm. |
| 504 ## - BIBLIOGRAPHY, ETC. NOTE | |
| Bibliography, etc. note | Bibliography, v. 1, p. [667]-689. |
| 505 1# - FORMATTED CONTENTS NOTE | |
| Formatted contents note | Juzʼ 1. ʻAṣr mā qabla al-Islām-- |
| 650 #0 - SUBJECT ADDED ENTRY--TOPICAL TERM | |
| Topical term or geographic name entry element | Arabs |
| General subdivision | History. |
No items available.